|
|
|
|
| LEADER |
00000cam a2200000 7i4500 |
| 001 |
0000072431 |
| 005 |
20220105104249.0 |
| 008 |
170513 |
| 020 |
|
|
|a 9789673643745
|
| 020 |
|
|
|a 9789673643813(set)
|
| 090 |
0 |
0 |
|a JP
|b ANM MAL
|
| 100 |
1 |
|
|a Shamsul Muzaffar
|
| 245 |
1 |
0 |
|a Sang Kancil dan Buaya
|c Shamsul Muzaffar
|
| 260 |
|
|
|a KL :
|b Edukid Pub. Sdn Bhd ,
|c 2017
|
| 490 |
1 |
|
|a Siri cerita teladan hutan
|
| 500 |
|
|
|a Children age 4-6 years old (yellow)
|
| 650 |
|
0 |
|a Animals
|x Fiction
|
| 650 |
|
0 |
|a Teladan dongeng
|
| 999 |
|
|
|a 0001453081
|b Book
|c Children Collection
|e Cawangan Taman Universiti
|
| 999 |
|
|
|a 0001453082
|b Book
|c Children Collection
|e Cawangan Taman Universiti
|
| 999 |
|
|
|a 0001453083
|b Book
|c Children Collection
|e Cawangan Taman Universiti
|
| 999 |
|
|
|a 0001453084
|b Book
|c Children Collection
|e Cawangan Taman Universiti
|
| 999 |
|
|
|a 0001453085
|b Book
|c Children Collection
|e Cawangan Batu Pahat
|
| 999 |
|
|
|a 0001453086
|b Book
|c Children Collection
|e Cawangan Bandar Tenggara
|
| 999 |
|
|
|a 0001453088
|b Book
|c Children Collection
|e Cawangan Bukit Gambir
|
| 999 |
|
|
|a 0001453089
|b Book
|c Children Collection
|e Cawangan Kota Tinggi
|
| 999 |
|
|
|a 0001453090
|b Book
|c Children Collection
|e Cawangan Pontian
|
| 999 |
|
|
|a 0001453091
|b Book
|c Children Collection
|e Cawangan Segamat
|
| 999 |
|
|
|a 0001453092
|b Book
|c Children Collection
|e Cawangan Taman Sri Lambak
|
| 999 |
|
|
|a 0001453093
|b Book
|c Children Collection
|e Cawangan Muar
|
| 999 |
|
|
|a 0001453094
|b Book
|c Children Collection
|e Cawangan Tmn. Ungku Tun Aminah
|
| 999 |
|
|
|a 0001453095
|b Book
|c Children Collection
|e Cawangan Tangkak
|
| 999 |
|
|
|a 0001453096
|b Book
|c Children Collection
|e Cawangan Bandar Penawar
|
| 999 |
|
|
|a 0001453097
|b Book
|c Children Collection
|e Cawangan Mersing
|
| 999 |
|
|
|a 0001453762
|b Book
|c Children Collection
|e Perbadanan Perpustakaan Awam Johor
|
| 999 |
|
|
|a 0001453763
|b Book
|c Children Collection
|e Perbadanan Perpustakaan Awam Johor
|
| 999 |
|
|
|a 0001453764
|b Book
|c Children Collection
|e Cawangan Urban Transformation Centre
|
| 999 |
|
|
|a 0001453765
|b Book
|c Children Collection
|e Cawangan AEON Kulaijaya
|
| 999 |
|
|
|a 0001458093
|b Book
|c Adult Collection
|e Cawangan Muar
|